Paroles - Cette année là - Claude François - Statistiques

Statistiques générales
  • Ce quiz a été pris 2 856 fois
  • Le résultat moyen est 127 sur 178
Statistiques - réponses
Réponse % Correct
a
100%
à
100%
année
100%
ce
100%
Cette
99%
cette
99%
la
99%
99%
Le
98%
le
98%
Je
95%
je
95%
chantais
94%
me
94%
ne
94%
pour
94%
Pour
94%
public
94%
fois
93%
pas
93%
premier
93%
connaissait
92%
premiere
92%
que
92%
Et
91%
et
91%
Quelle
90%
les
88%
Les
88%
dans
87%
Dans
87%
année-là
86%
annee-là
86%
ça
86%
ma
84%
belle,
83%
belle
83%
aimait
82%
mon
82%
moi
79%
ses
77%
des
76%
ailes
75%
Beatles
75%
d'ouvrir
74%
garçons
74%
quatre
74%
Un
74%
venait
74%
coin
73%
étaient
72%
qui
72%
tout
72%
vent
72%
chanson
70%
qu'on
69%
au
67%
jeunes
67%
rock'n'roll
67%
une
67%
disait
66%
l'idole
66%
C'était
65%
droit
65%
marche
65%
On
65%
d'être
64%
appelait
63%
C'est
62%
deux
62%
l'année
62%
soixante
62%
fauteuils
61%
joie
61%
oiseau
61%
Plus
61%
Spoutnik
61%
adieu
59%
amour
59%
ciel
59%
coeur
59%
Déjà
59%
dit
59%
fans
59%
cassaient
58%
Marilyn
58%
musique
57%
j'y
56%
moins
56%
pense
56%
dernier
54%
j'oublie
54%
toujours
54%
tous
53%
d'or
51%
passait
51%
révolution
51%
sur
50%
seul
48%
violons
48%
croyait
47%
guitares
45%
mais
45%
records
45%
battait
44%
qu'une
42%
J'ai
41%
l'unique
41%
arrivait
39%
tiraient
39%
grand
38%
Tandis
38%
découvert
33%
n'a
33%
rien
33%
West
33%
changé
31%
hier,
31%
Side
31%
aujourd'hui
30%
soir
28%
même
26%
encore
21%
recommence
19%
métier
12%
Aucun quiz correspondant
Distribution des résultats
% des personnes avec chaque résultat
Percentile par nombre de réponses
Votre historique - résultats
Vous n’avez pas pris ce quiz